000 00698nam a22002417a 4500
001 14814
003 DO-SdBNP
005 20180126134347.0
007 14814
008 160914b2013 mx |||| |||| 00| 0 spa d
020 _a9786074339475
040 _aBPMSU
_bspa
_cBPMSU
100 1 _aBerroa, Rei
245 1 0 _aLibro de los dones y los bienes /
_cRei Berroa.
260 _aMéxico :
_bUniversidad Autónoma de Nuevo León,
_c2013.
300 _a123 p ;
_b23 cm.
490 1 _aPoesía
500 _aIncluye datos biográficos del autor en la solapa de la cubierta
830 0 _aPoesía
942 _2ddc
_cBK
945 _aInventariado, 2018 /LP
956 _aVMATEO
_b10
_c20160914
_dBPMSU
_f0069
999 _c11385
_d11385